Flags with yellow - Statistics

General Stats
  • This quiz has been taken 12 times
  • The average score is 11 of 16
Answers on the Grid
Answers color-coded by a green-red scale on the quiz's grid according to % correct below.
Spain
Kazakhstan
Philippines
Romania
Sweden
Vietnam
China
Ecuador
Ethiopia
Argentina
Jamaica
Kiribati
Antigua and Barbuda
Tajikistan
Bhutan
Papua New Guinea
Laos
Costa Rica
Cuba
Luxembourg
Ireland
Nepal
Maldives
Malta
Singapore
Samoa
Czech Republic
Botswana
Qatar
Azerbaijan
 
Answer Stats
Answer % Correct
China
92%
Jamaica
92%
Sweden
92%
Spain
83%
Ecuador
75%
Romania
75%
Vietnam
75%
Antigua and Barbuda
67%
Argentina
67%
Ethiopia
67%
Kazakhstan
67%
Papua New Guinea
58%
Bhutan
50%
Philippines
50%
Kiribati
42%
Tajikistan
25%
No matching quizzes found
Score Distribution
Percent of People with Each Score
Percentile by Number Answered
Your Score History
You have not taken this quiz